Análisis y diseño de la superestructura de un puente viga-losa de concreto armado de 20 metros de longitud, (Registro nro. 2352)

Detalles MARC
000 -LEADER
campo de control de longitud fija 02152nam a22003497a 4500
001 - NÚMERO DE CONTROL
campo de control 42835
003 - IDENTIFICADOR DE NÚMERO DE CONTROL
campo de control gtgccic
005 - FECHA Y HORA DE LA ÚLTIMA TRANSACCIÓN
campo de control 20251021105916.0
007 - CAMPO FIJO DE DESCRIPCIÓN FÍSICA--INFORMACIÓN GENERAL
campo de control de longitud fija ta
008 - DATOS DE LONGITUD FIJA--INFORMACIÓN GENERAL
campo de control de longitud fija 251015b gt ||||| |||| 00| 0 spa d
040 ## - FUENTE DE CATALOGACIÓN
Centro catalogador/agencia de origen gtgccic
Lengua de catalogación spa
Centro/agencia transcriptor gtgccic
Normas de descripción rda
084 ## - OTRO NÚMERO DE CLASIFICACIÓN
Número de control del registro de autoridad o número normalizado TPI-15-0071
100 10 - ENTRADA PRINCIPAL--NOMBRE DE PERSONA
Nombre de persona Elioth Vinicio Santiago Gómez
Fechas asociadas al nombre Ingeniero Civil
Término indicativo de función/relación autor
245 10 - MENCIÓN DEL TÍTULO
Título Análisis y diseño de la superestructura de un puente viga-losa de concreto armado de 20 metros de longitud,
Resto del título según Normas de Aashto Standard y Aashto LRFD, mediante la aplicación de recursos informáticos /
Mención de responsabilidad, etc. Santiago Gómez, Elioth Vinicio
264 #1 - PRODUCCIÓN, PUBLICACIÓN, DISTRIBUCIÓN, FABRICACIÓN Y COPYRIGHT
Producción, publicación, distribución, fabricación y copyright Guatemala, Guatemala :
Nombre del de productor, editor, distribuidor, fabricante USAC, Facultad de Ingeniería ;
Fecha de producción, publicación, distribución, fabricación o copyright 2015.-
300 ## - DESCRIPCIÓN FÍSICA
Extensión xxxviii, 174 p. :
Otras características físicas il. ;
Dimensiones 27 cm
336 ## - TIPO DE CONTENIDO
Fuente rdacontenido
Término de tipo de contenido Texto
Código de tipo de contenido txt
337 ## - TIPO DE MEDIO
Fuente rdamedio
Nombre/término del tipo de medio sin mediación
Código del tipo de medio n
338 ## - TIPO DE SOPORTE
Fuente rdasoporte
Nombre/término del tipo de soporte volumen
Código del tipo de soporte nc
502 ## - NOTA DE TESIS
Nota de tesis Tesis Postgrado
Tipo de título MAESTRO EN ESTRUCTURAS
Nombre de la institución que otorga el título USAC, Facultad de Ingeniería, Escuela de Postgrado
Año de obtención del título 2015
Identificador de la tesis TPI-15-0071
504 ## - NOTA DE BIBLIOGRAFÍA, ETC.
Nota de bibliografía, etc. Nota Bibliografía pag. 139
505 ## - NOTA DE CONTENIDO CON FORMATO
Título 1. MARCO TEÓRICO
505 ## - NOTA DE CONTENIDO CON FORMATO
Título 2. PUENTES
505 ## - NOTA DE CONTENIDO CON FORMATO
Título 3. DISEÑO DE PUENTE ¨TIPO¨ PARA ANÁLISIS DE LA INVESTIGACIÓN
505 ## - NOTA DE CONTENIDO CON FORMATO
Título 4. RESULTADOS DEL ANÁLISIS DE PUENTE ENTRE AASHTO STANDARD Y AASHTO LRFD CON CSI BRIDGE
520 ## - RESUMEN, ETC.
Sumario, etc. En la presente investigación se desarrolla el diseño de un puente de 20 metros de longitud, bajo el uso de dos modalidades; la primera con metodología tradicional utilizando normas AASHTO Standard y la segunda con normas AASHTO LRFD mediante la aplicación de recursos informáticos. Se propone que la segunda opción sea usada con carácter obligatoria en Guatemala, dado que la normativa AASHTO se ha convertido de uso tradicional, donde ya no aplica la opción Standard. Los diseñadores de puentes en Guatemala, han utilizado el método AASHTO Standard por mucho tiempo, siendo este muy práctico, pero desactualizado conforme a las normas AASHTO LRFD de aplicación en los Estados Unidos.
650 ## - PUNTO DE ACCESO ADICIONAL DE MATERIA--TÉRMINO DE MATERIA
Término de materia o nombre geográfico como elemento de entrada PUENTES
650 ## - PUNTO DE ACCESO ADICIONAL DE MATERIA--TÉRMINO DE MATERIA
Término de materia o nombre geográfico como elemento de entrada NORMAS DE CONSTRUCCIÓN
700 ## - ENTRADA AGREGADA--NOMBRE PERSONAL
Nombre de persona Ing. Msc. Max Fernando Schwartz Guzmán
Término indicativo de función/relación asesor
942 ## - ELEMENTOS DE ENTRADA SECUNDARIOS (KOHA)
Fuente de la clasificación o esquema de estantería Clasificación Decimal Dewey
Tipo de ítem Koha TESISPOSTGRADO
945 ## - PROCESAMIENTO DE INFORMACIÓN LOCAL (OCLC)
a amlo
Existencias
Estatus retirado Estado de pérdida Fuente de la clasificación o esquema de estantería Estado de daño No para préstamo Biblioteca de origen Biblioteca actual Fecha de adquisición Número de inventario Total de préstamos Signatura topográfica completa Código de barras Visto por última vez Precio de reemplazo Tipo de ítem Koha Nota pública
    Clasificación Decimal Dewey     CENTRO DE INFORMACIÓN A LA CONSTRUCCIÓN-CICON CENTRO DE INFORMACIÓN A LA CONSTRUCCIÓN-CICON 15/10/2025 P20150071   TPI-15-0071 20150071 15/10/2025 15/10/2025 TESISPOSTGRADO disponible